| 000 | 00515nam a2200181Ia 4500 | ||
|---|---|---|---|
| 003 | GCL | ||
| 008 | 140319s9999 xx 000 0 ara d | ||
| 040 |
_aGCL / _cGCL |
||
| 082 | 0 | 4 |
_a811.3 _bج ع |
| 100 | 1 | _aجبرائيل جبور | |
| 245 | 1 | 0 |
_aعمر ابى ربيعة / _cجبرائيل جبور |
| 260 |
_a[S.N] : _bدار العلم للملايين ، _c1981 |
||
| 300 | _aمتعدد | ||
| 490 | _a | ||
| 650 | 0 | 4 | _aالشعر العربى |
| 650 | 0 | 4 | _aعمر بن ابى ربيعة |
| 942 |
_2ddc _cBK |
||
| 999 |
_c37466 _d37466 |
||